[Event "Sachsen-ch U18"]
[Site "Sebnitz"]
[Date "2006.04.20"]
[Round "5"]
[White "Bruesch, Robert"]
[Black "Boettger, Lukas"]
[Result "0-1"]
[WhiteElo "1706"]
[BlackElo "2072"]
[PlyCount "152"]
[EventDate "2006.04.18"]
[EventType "swiss"]
[EventRounds "7"]
[EventCountry "GER"]
[SourceTitle "EXT 2007"]
[Source "ChessBase"]
[SourceDate "2006.11.23"]
[SourceVersion "1"]
[SourceVersionDate "2006.11.23"]
[SourceQuality "1"]

1. e4 c5 2. Nf3 d6 3. d4 cxd4 4. Nxd4 Nf6 5. Nc3 a6 6. f3 Qb6 7. Bc4 e6 8. Bb3 Nc6 9. Be3 Qc7 10. Qd2 Be7 11. a3 b5 12. Rd1 0-0 13. Qf2 Ne5 14. 0-0 Bd7 15. Qe2 Rac8 16. a4 Nc4 17. Bxc4 bxc4 18. Kh1 Rb8 19. Rb1 Rb4 20. Qd2 Rfb8 21. Ncb5 Qa5 22. c3 Rxa4 23. Na3 Qc7 24. Qe2 d5 25. Nac2 Bd6 26. g3 dxe4 27. f4 Ra5 28. Nb4 Nd5 29. Nxd5 Rxd5 30. Qg2 Bc5 31. Qf2 Qc8 32. Kg1 Rb7 33. Rfd1 Be7 34. Qg2 f5 35. Ra1 Qb8 36. Rdb1 a5 37. Qe2 Qc7 38. Qh5 Bf6 39. Nxe6 Qc8 40. Nd4 g6 41. Qe2 Kh8 42. Ra2 a4 43. Raa1 Be8 44. Kg2 h6 45. h4 Rc7 46. Kf2 Qd8 47. Ne6 Qd6 48. Nxc7 Qxc7 49. Rd1 Rd3 50. Kg2 Qb7 51. Rab1 h5 52. Kf2 Kh7 53. Qc2 Bc6 54. Rbc1 Qd7 55. Ke2 Qe7 56. Ra1 Bxh4 57. Rg1 Bf6 58. Rh1 Kg7 59. Rh2 Qe6 60. Rg1 Be7 61. Rd1 Qd5 62. Bd4+ Kf7 63. Kf2 e3+ 64. Kg1 Qf3 65. Rf1 Qxg3+ 66. Rg2 Bxg2 67. Qxg2 Qxg2+ 68. Kxg2 Rd2+ 69. Kf3 Rxb2 70. Kxe3 a3 71. Ra1 h4 72. Kf3 h3 73. Kg3 h2 74. Bf2 a2 75. Kxh2 Rxf2+ 76. Kg3 Rc2 0-1

[Event "Sachsen-ch U18"]
[Site "Sebnitz"]
[Date "2006.04.18"]
[Round "1"]
[White "Eidner, Falk"]
[Black "Bruesch, Robert"]
[Result "1-0"]
[WhiteElo "1948"]
[BlackElo "1706"]
[PlyCount "79"]
[EventDate "2006.04.18"]
[EventType "swiss"]
[EventRounds "7"]
[EventCountry "GER"]
[SourceTitle "EXT 2007"]
[Source "ChessBase"]
[SourceDate "2006.11.23"]
[SourceVersion "1"]
[SourceVersionDate "2006.11.23"]
[SourceQuality "1"]

1. e4 c6 2. d4 d5 3. Nc3 dxe4 4. Nxe4 Bf5 5. Ng3 Bg6 6. h4 h6 7. h5 Bh7 8. Nf3 Nd7 9. Bd3 Bxd3 10. Qxd3 e6 11. Bd2 Ngf6 12. 0-0-0 Qc7 13. c4 0-0-0 14. Ne4 Nxe4 15. Qxe4 Nf6 16. Qe2 Bd6 17. Ne5 c5 18. Bc3 cxd4 19. Bxd4 Bxe5 20. Bxe5 Qc6 21. g3 Rxd1+ 22. Rxd1 Rd8 23. Rxd8+ Kxd8 24. Bxf6+ gxf6 25. b3 Qh1+ 26. Qd1+ Qxd1+ 27. Kxd1 Kd7 28. Kd2 Kc6 29. Kc3 a6 30. Kd4 a5 31. a3 b6 32. b4 axb4 33. axb4 Kd6 34. g4 e5+ 35. Ke4 Ke6 36. f3 f5+ 37. gxf5+ Kd6 38. c5+ bxc5 39. bxc5+ Kxc5 40. Kxe5 1-0